Cambridge IGCSE® Biology coursebook : (Record no. 5757)

MARC details
000 -LEADER
fixed length control field 01423nam a22002297a 4500
001 - CONTROL NUMBER
control field 5757
003 - CONTROL NUMBER IDENTIFIER
control field FISKH
005 - DATE AND TIME OF LATEST TRANSACTION
control field 20250120162559.0
008 - FIXED-LENGTH DATA ELEMENTS--GENERAL INFORMATION
fixed length control field 250120b cb ||||| |||| 00| 0 eng d
020 ## - INTERNATIONAL STANDARD BOOK NUMBER
International Standard Book Number 9781107614796
040 ## - CATALOGING SOURCE
Original cataloging agency FISKH
Language of cataloging eng
Transcribing agency FISKH
Modifying agency FISKH
050 ## - LIBRARY OF CONGRESS CALL NUMBER
Classification number CD20537777
082 ## - DEWEY DECIMAL CLASSIFICATION NUMBER
Classification number 570
100 ## - MAIN ENTRY--PERSONAL NAME
Personal name Jones, Mary
245 ## - TITLE STATEMENT
Title Cambridge IGCSE® Biology coursebook :
Remainder of title Third edition /
Statement of responsibility, etc. by Mary Jones and Geoff Jones
260 ## - PUBLICATION, DISTRIBUTION, ETC.
Place of publication, distribution, etc. Cambridge :
Name of publisher, distributor, etc. Cambridge University Press ;
Date of publication, distribution, etc. 2002, 2014 .
300 ## - PHYSICAL DESCRIPTION
Extent 344 pages :
Other physical details illustrations ;
Dimensions 29 cm .
520 ## - SUMMARY, ETC.
Summary, etc. This edition of our successful series to support the Cambridge IGCSE Biology syllabus (0610) is fully updated for the revised syllabus for first examination from 2016. Written by an experienced teacher and examiner, Cambridge IGCSE Biology Coursebook with CD-ROM gives comprehensive and accessible coverage of the syllabus content. Suggestions for practical activities are included, designed to help develop the required experimental skills, with full guidance included on the CD-ROM. Study tips throughout the text, exam-style questions at the end of each chapter and a host of revision and practice material on the CD-ROM are designed to help students prepare for their examinations. Answers to the exam-style questions in the Coursebook are provided on the CD-ROM.
700 ## - ADDED ENTRY--PERSONAL NAME
Personal name Jones , Geoff
Relator term author
942 ## - ADDED ENTRY ELEMENTS (KOHA)
Source of classification or shelving scheme Dewey Decimal Classification
Koha item type Books
Suppress in OPAC No
Holdings
Withdrawn status Lost status Source of classification or shelving scheme Damaged status Not for loan Collection Home library Current library Shelving location Date acquired Total Checkouts Full call number Barcode Date last seen Price effective from Koha item type
    Dewey Decimal Classification     Non-Fiction Footprints International School Library Network Toul Kork Campus Footprints International School Library Network Toul Kork Campus TTP Secondary Non-Fiction Bookshelves 01/20/2025   JON 570 CD20537777 2025-0052 01/20/2025 01/20/2025 Books